[Event "IX Open Vallee d'Aoste A"]
[Site "Saint Vincent - Chatillon ITA"]
[Date "2001.02.07"]
[Round "5"]
[White "Del Rio Angelis, Salvador Gabriel"]
[Black "Ripari, Marcelo"]
[Result "1/2-1/2"]
[WhiteElo "2472"]
[BlackElo "2301"]
[PlyCount "40"]
[EventDate "2001.02.03"]

1. e4 c5 2. Nf3 Nc6 3. d4 cxd4 4. Nxd4 Nf6 5. Nc3 g6 6. Nb3 Bg7 7. Be2 O-O 8.
O-O d6 9. Kh1 b6 10. f4 Bb7 11. Bf3 Rb8 12. Nd5 Na5 13. Qe2 Nxd5 14. exd5 Qc8
15. Rd1 Re8 16. c3 e5 17. dxe6 Qxe6 18. Qxe6 Rxe6 19. Bxb7 Nxb7 20. Bd2 Nc5
1/2-1/2

[Event "IX Open Vallee d'Aoste A"]
[Site "Saint Vincent - Chatillon ITA"]
[Date "2001.02.07"]
[Round "5"]
[White "Drasko, Milan"]
[Black "Eingorn, Vereslav S."]
[Result "1/2-1/2"]
[WhiteElo "2510"]
[BlackElo "2589"]
[PlyCount "23"]
[EventDate "2001.02.03"]

1. d4 g6 2. Nf3 Bg7 3. g3 c5 4. d5 d6 5. Bg2 Nf6 6. O-O Na6 7. c4 Bf5 8. Ne1
Qd7 9. Nc3 Bh3 10. e4 Bxg2 11. Kxg2 O-O 12. Nd3 1/2-1/2

[Event "IX Open Vallee d'Aoste A"]
[Site "Saint Vincent - Chatillon ITA"]
[Date "2001.02.07"]
[Round "5"]
[White "Fominyh, Alexander"]
[Black "Zelcic, Robert"]
[Result "0-1"]
[WhiteElo "2582"]
[BlackElo "2500"]
[PlyCount "80"]
[EventDate "2001.02.03"]

1. d4 Nf6 2. Nf3 e6 3. c4 d5 4. g3 dxc4 5. Bg2 Nc6 6. O-O Rb8 7. e3 b5 8. Qe2
Be7 9. Rd1 O-O 10. Nc3 Nb4 11. Ne1 Nbd5 12. e4 Nxc3 13. bxc3 Bb7 14. a4 b4 15.
cxb4 Bxb4 16. Nc2 Be7 17. Bg5 c3 18. Qd3 Ba8 19. Bxf6 Bxf6 20. e5 Bxg2 21. exf6
Ba8 22. fxg7 Re8 23. Ne3 Bf3 24. Qxc3 Bxd1 25. Rxd1 Qf6 26. Kg2 Rec8 27. Qc5
Rb2 28. Rf1 Kxg7 29. Qc3 Rcb8 30. Ng4 Qf5 31. d5+ f6 32. Qxc7+ Kg6 33. dxe6
Qxg4 34. Qf7+ Kh6 35. Qxf6+ Qg6 36. Qh4+ Kg7 37. Qe7+ Kg8 38. Qd7 Qe4+ 39. Kh3
R2b7 40. Qd2 Qxe6+ 0-1

[Event "IX Open Vallee d'Aoste A"]
[Site "Saint Vincent - Chatillon ITA"]
[Date "2001.02.07"]
[Round "5"]
[White "Genocchio, Daniele"]
[Black "Sermek, Drazen"]
[Result "0-1"]
[WhiteElo "2278"]
[BlackElo "2515"]
[PlyCount "74"]
[EventDate "2001.02.03"]

1. g3 d5 2. Bg2 e5 3. c4 d4 4. d3 g6 5. e3 dxe3 6. Bxe3 Nh6 7. Qa4+ c6 8. Nc3
Nf5 9. O-O-O Nxe3 10. fxe3 Bh6 11. Nf3 Bxe3+ 12. Kc2 Bg4 13. Rde1 Bxf3 14. Bxf3
Bd4 15. Qa3 Qe7 16. Ne4 Na6 17. Qd6 f5 18. Qxd4 exd4 19. Nd6+ Kd7 20. Rxe7+
Kxe7 21. Nxb7 Kd7 22. Na5 Nb4+ 23. Kb1 Rae8 24. a3 Re3 25. Rf1 Nxd3 26. Nxc6
Rc8 27. Nxd4 Ne5 28. Rd1 Ke7 29. Bd5 Nxc4 30. Nc6+ Kf6 31. Nxa7 Rd8 32. Kc2
Re2+ 33. Kd3 Nxb2+ 34. Kxe2 Nxd1 35. Bc6 Nc3+ 36. Ke3 Rd6 37. h4 h6 0-1

[Event "IX Open Vallee d'Aoste A"]
[Site "Saint Vincent - Chatillon ITA"]
[Date "2001.02.07"]
[Round "5"]
[White "Godena, Michele"]
[Black "Palac, Mladen"]
[Result "1/2-1/2"]
[WhiteElo "2494"]
[BlackElo "2590"]
[PlyCount "25"]
[EventDate "2001.02.03"]

1. e4 c5 2. Nf3 d6 3. Bc4 Nf6 4. d3 Nc6 5. c3 g6 6. O-O Bg7 7. Bb3 O-O 8. Re1
e5 9. Nbd2 Nh5 10. Nf1 Be6 11. Ng3 Nxg3 12. hxg3 Bxb3 13. Qxb3 1/2-1/2

[Event "IX Open Vallee d'Aoste A"]
[Site "Saint Vincent - Chatillon ITA"]
[Date "2001.02.07"]
[Round "5"]
[White "Paragua, Mark"]
[Black "Atalik, Suat"]
[Result "1-0"]
[WhiteElo "2432"]
[BlackElo "2543"]
[PlyCount "67"]
[EventDate "2001.02.03"]

1. e4 c5 2. d3 Nc6 3. g3 g6 4. Bg2 Bg7 5. f4 d6 6. Nf3 Nf6 7. O-O O-O 8. h3 b5
9. g4 Qb6 10. f5 c4+ 11. Kh1 cxd3 12. cxd3 b4 13. Re1 Ba6 14. Be3 Qa5 15. Qb3
Qb5 16. Bf1 Na5 17. Qd1 Nd7 18. d4 Qb7 19. Bxa6 Qxa6 20. Nbd2 Nb6 21. Bg5 Qb7
22. Qe2 Nc6 23. Qf2 Rac8 24. Qh4 Nxd4 25. Bxe7 Rfe8 26. f6 Rxe7 27. Nxd4 Nc4
28. Nf5 Re5 29. Nh6+ Kh8 30. fxg7+ Kxg7 31. Rf1 f5 32. Nxf5+ gxf5 33. gxf5 Qf7
34. Nf3 1-0

[Event "IX Open Vallee d'Aoste A"]
[Site "Saint Vincent - Chatillon ITA"]
[Date "2001.02.07"]
[Round "5"]
[White "Polak, Tomas"]
[Black "Gleizerov, Evgeny"]
[Result "0-1"]
[WhiteElo "2505"]
[BlackElo "2586"]
[PlyCount "142"]
[EventDate "2001.02.03"]

1. d4 e6 2. c4 f5 3. g3 Nf6 4. Bg2 c6 5. Nf3 d5 6. O-O Bd6 7. b3 Qe7 8. Bb2 O-O
9. Nbd2 b6 10. Qc2 Bb7 11. Ne5 a5 12. Rad1 Na6 13. Qb1 Rac8 14. e3 Nb4 15. a3
Na6 16. Qa1 c5 17. Rfe1 Ne4 18. Ndf3 Nc7 19. Rc1 a4 20. bxa4 Ra8 21. Qa2 Rxa4
22. Qb3 b5 23. cxb5 Rfa8 24. dxc5 Nxc5 25. Rxc5 Bxc5 26. Nd4 Bxa3 27. Rc1 Bxb2
28. Qxb2 Qd6 29. f4 Ne8 30. Bf1 h6 31. Bd3 Nf6 32. Qe2 Ra1 33. Rxa1 Rxa1+ 34.
Kg2 Nd7 35. Nxd7 Qxd7 36. Qb2 Ra8 37. Kf2 Qd6 38. Ke2 Bc8 39. Kf2 Qa3 40. Qxa3
Rxa3 41. Ke2 Kf7 42. h3 Kf6 43. Kd2 g5 44. Nc2 Rb3 45. Nd4 Rb2+ 46. Bc2 Ra2 47.
Kc1 Ra3 48. Kd2 Ra1 49. Bd1 e5 50. fxe5+ Kxe5 51. h4 Kf6 52. hxg5+ hxg5 53. Bf3
Ke5 54. Bd1 Bd7 55. Nf3+ Kf6 56. Nd4 Ra8 57. Bb3 Rb8 58. Bxd5 Bxb5 59. Be6 Rd8
60. Bb3 Bc6 61. Ke2 Be4 62. Bd1 Rh8 63. Nf3 Rh3 64. Kf2 g4 65. Ne1 Rh2+ 66. Kf1
Rd2 67. Be2 Ke5 68. Kf2 Kd5 69. Kf1 Kc5 70. Kf2 Kb4 71. Kf1 Kc3 0-1

[Event "IX Open Vallee d'Aoste A"]
[Site "Saint Vincent - Chatillon ITA"]
[Date "2001.02.07"]
[Round "5"]
[White "Rytshagov, Mikhail"]
[Black "Olarasu, Gabriela"]
[Result "1/2-1/2"]
[WhiteElo "2525"]
[BlackElo "2347"]
[PlyCount "61"]
[EventDate "2001.02.03"]

1. e4 e5 2. Nf3 Nc6 3. Bb5 a6 4. Ba4 Nf6 5. O-O Be7 6. Re1 b5 7. Bb3 O-O 8. c3
d6 9. h3 Na5 10. Bc2 c5 11. d4 Qc7 12. Nbd2 cxd4 13. cxd4 Nc6 14. Nb3 a5 15.
Be3 a4 16. Nbd2 Bd7 17. Rc1 Qb7 18. Bb1 Rfe8 19. dxe5 dxe5 20. Bc5 Bxc5 21.
Rxc5 Qb6 22. Qc2 Rac8 23. Rc1 g6 24. Qd3 Nb4 25. Qe3 Nfd5 26. exd5 Nxd5 27.
Rxc8 Nxe3 28. Rxe8+ Bxe8 29. fxe3 Qxe3+ 30. Kh1 f6 31. Re1 1/2-1/2

[Event "IX Open Vallee d'Aoste A"]
[Site "Saint Vincent - Chatillon ITA"]
[Date "2001.02.07"]
[Round "5"]
[White "Skripchenko Lautier, Almira"]
[Black "Rogers, Ian"]
[Result "1-0"]
[WhiteElo "2453"]
[BlackElo "2529"]
[PlyCount "105"]
[EventDate "2001.02.03"]

1. e4 Nc6 2. Nf3 d6 3. d4 Nf6 4. c3 g6 5. h3 Bg7 6. Be3 O-O 7. Nbd2 e5 8. dxe5
Nxe5 9. Nxe5 dxe5 10. Bc4 Qe7 11. Qb3 b6 12. a4 Bb7 13. Qc2 Nh5 14. O-O-O Nf4
15. Rhg1 a6 16. g3 Ne6 17. h4 b5 18. axb5 axb5 19. Bxb5 Ra1+ 20. Nb1 Nc5 21. f3
Rb8 22. b4 Ne6 23. Qb2 Rba8 24. Bc4 c5 25. b5 Nd4 26. Bg5 Qc7 27. b6 Qc8 28.
cxd4 cxd4 29. Qc2 Qf8 30. Rd3 Rc8 31. Kb2 Rca8 32. Bd2 Qd6 33. Qb3 R8a2+ 34.
Qxa2 Rxa2+ 35. Bxa2 Qxb6+ 36. Rb3 Qa7 37. Rc1 Ba6 38. Rc6 Bf8 39. g4 d3 40. h5
gxh5 41. gxh5 Qd4+ 42. Bc3 Qa4 43. Rbb6 d2 44. Bxd2 Bd3 45. h6 Bb5 46. Rf6 Bc4
47. Bxc4 Qxc4 48. Bc3 Qc5 49. Rfc6 Qf2+ 50. Nd2 f6 51. Rxf6 Qh2 52. Rb8 Qxd2+
53. Bxd2 1-0

[Event "IX Open Vallee d'Aoste A"]
[Site "Saint Vincent - Chatillon ITA"]
[Date "2001.02.07"]
[Round "5"]
[White "Tatai, Stefano"]
[Black "Peralta, Fernando"]
[Result "1/2-1/2"]
[WhiteElo "2352"]
[BlackElo "2408"]
[PlyCount "50"]
[EventDate "2001.02.03"]

1. e4 Nf6 2. e5 Nd5 3. d4 d6 4. c4 Nb6 5. exd6 exd6 6. Nc3 Be7 7. Nf3 O-O 8.
Be2 Bg4 9. h3 Bh5 10. O-O c6 11. b3 Re8 12. Be3 Bf6 13. Rc1 Na6 14. Qd2 Nc7 15.
Rfd1 d5 16. c5 Nd7 17. b4 Bxf3 18. Bxf3 b5 19. a4 a6 20. Ra1 Nf8 21. Ra2 Nfe6
22. Rda1 bxa4 23. Rxa4 Qb8 24. Be2 Qb7 25. Bf1 Nb5 1/2-1/2

[Event "IX Open Vallee d'Aoste A"]
[Site "Saint Vincent - Chatillon ITA"]
[Date "2001.02.07"]
[Round "5"]
[White "Vera Gonzalez-Quevedo, Reynaldo"]
[Black "Cebalo, Miso"]
[Result "0-1"]
[WhiteElo "2562"]
[BlackElo "2483"]
[PlyCount "74"]
[EventDate "2001.02.03"]

1. d4 Nf6 2. c4 g6 3. Nc3 Bg7 4. e4 d6 5. Be2 O-O 6. Nf3 Bg4 7. Be3 Nfd7 8. h4
Bxf3 9. Bxf3 Nc6 10. Ne2 h5 11. g4 e5 12. gxh5 exd4 13. Nxd4 Qf6 14. Nxc6 bxc6
15. h6 Bh8 16. Rb1 Kh7 17. h5 Rab8 18. b3 a5 19. Bg2 a4 20. Kf1 axb3 21. axb3
c5 22. Kg1 Ne5 23. f4 Nc6 24. hxg6+ fxg6 25. e5 dxe5 26. Qd7+ Ne7 27. Bxc5 Rf7
28. Re1 e4 29. Bxe4 Qxf4 30. Bg2 Nc6 31. Qh3 Bd4+ 32. Bxd4 Nxd4 33. Qe3 Qg4 34.
Rh3 Rxb3 35. Qe8 Rbf3 36. Rxf3 Nxf3+ 37. Kf1 Qxc4+ 0-1

[Event "IX Open Vallee d'Aoste A"]
[Site "Saint Vincent - Chatillon ITA"]
[Date "2001.02.07"]
[Round "5"]
[White "Vescovi Portilho, Giovanni"]
[Black "Flores, Diego"]
[Result "0-1"]
[WhiteElo "2519"]
[BlackElo "2359"]
[PlyCount "64"]
[EventDate "2001.02.03"]

1. c4 g6 2. Nc3 Bg7 3. g3 Nf6 4. Bg2 O-O 5. e4 c5 6. Nge2 Nc6 7. O-O d6 8. d3
Ne8 9. Be3 Nd4 10. Rb1 a5 11. f4 Nc7 12. h3 f5 13. Qd2 Nce6 14. Kh2 Nc6 15.
exf5 gxf5 16. Nb5 Ned4 17. Nec3 e6 18. Bf2 Rb8 19. Rfe1 Qd7 20. Ne2 e5 21. Nec3
Nxb5 22. cxb5 Nd4 23. b6 Kh8 24. Nd5 Qb5 25. Bxd4 cxd4 26. Rbc1 Bd7 27. fxe5
Bxe5 28. Rc7 Rg8 29. Rxe5 dxe5 30. Qe2 e4 31. Qf2 Qxd5 32. Qf4 Rbe8 0-1

[Event "IX Open Vallee d'Aoste A"]
[Site "Saint Vincent - Chatillon ITA"]
[Date "2001.02.07"]
[Round "5"]
[White "Volzhin, Alexander"]
[Black "Masserey, Yvan"]
[Result "1/2-1/2"]
[WhiteElo "2542"]
[BlackElo "2349"]
[PlyCount "118"]
[EventDate "2001.02.03"]

1. e4 e6 2. d4 d5 3. Nd2 Nf6 4. e5 Nfd7 5. Bd3 c5 6. c3 Nc6 7. Ne2 cxd4 8. cxd4
f6 9. exf6 Nxf6 10. O-O Bd6 11. Nf3 O-O 12. Bf4 Bxf4 13. Nxf4 Ne4 14. Nh5 Nf6
15. Nxf6+ gxf6 16. Re1 Qd6 17. Re3 Rf7 18. Qe2 a6 19. Re1 Bd7 20. a3 Rg7 21.
Qd2 Kh8 22. Bf1 Ne7 23. g3 Nf5 24. Rb3 Ba4 25. Rc3 Re7 26. Bd3 Rae8 27. Bxf5
exf5 28. Rxe7 Rxe7 29. Re3 Re4 30. Nh4 Bd7 31. f3 Rxe3 32. Qxe3 Kg7 33. Ng2 Be6
34. Nf4 Bf7 35. Qc3 Qb6 36. h4 Qd8 37. Kf2 Qb6 38. b4 Qd8 39. Qc2 a5 40. Qxf5
axb4 41. axb4 Qb6 42. Qg4+ Kh6 43. Nd3 Bg6 44. Qf4+ Kg7 45. Nc5 Qxb4 46. Qe3
Qb2+ 47. Kg1 Bf7 48. g4 h6 49. h5 b6 50. Nd3 Qc3 51. Kf2 b5 52. Nc5 Qxe3+ 53.
Kxe3 f5 54. Nd3 fxg4 55. fxg4 Kf6 56. Kf4 Be6 57. Nb4 Bg8 58. Nd3 Be6 59. Nb4
Bg8 1/2-1/2

[Event "IX Open Vallee d'Aoste A"]
[Site "Saint Vincent - Chatillon ITA"]
[Date "2001.02.08"]
[Round "6"]
[White "Atalik, Suat"]
[Black "Dittmar, Peter"]
[Result "1-0"]
[WhiteElo "2543"]
[BlackElo "2354"]
[PlyCount "77"]
[EventDate "2001.02.03"]

1. d4 d5 2. c4 e6 3. Nf3 c5 4. cxd5 exd5 5. g3 Nf6 6. Bg2 Nc6 7. O-O Be7 8.
dxc5 Bxc5 9. Qc2 Bb6 10. Nc3 O-O 11. Bg5 Be6 12. Rad1 h6 13. Bxf6 Qxf6 14. Na4
d4 15. Nxb6 axb6 16. a3 Rfe8 17. Rd2 Ra5 18. Qd1 Bg4 19. h3 Bxf3 20. Bxf3 Rae5
21. b4 h5 22. h4 g5 23. hxg5 Qxg5 24. Rd3 Qf6 25. Qd2 h4 26. Qf4 Rf5 27. Qg4+
Kh8 28. Be4 Rfe5 29. Bxc6 bxc6 30. Rf3 Qg5 31. Qxd4 c5 32. Qc4 Rxe2 33. Rf4 f5
34. Rxh4+ Kg7 35. bxc5 bxc5 36. Qxc5 R8e3 37. Qc7+ Re7 38. Qc3+ Kg6 39. f4 1-0

[Event "IX Open Vallee d'Aoste A"]
[Site "Saint Vincent - Chatillon ITA"]
[Date "2001.02.08"]
[Round "6"]
[White "Cebalo, Miso"]
[Black "Sermek, Drazen"]
[Result "1/2-1/2"]
[WhiteElo "2483"]
[BlackElo "2515"]
[PlyCount "75"]
[EventDate "2001.02.03"]

1. d4 Nf6 2. c4 c5 3. d5 b5 4. cxb5 a6 5. bxa6 g6 6. Nc3 Bxa6 7. g3 d6 8. Bg2
Nbd7 9. Rb1 Bg7 10. Nf3 Nb6 11. b3 O-O 12. O-O Ra7 13. Bb2 Qa8 14. Nh4 Rb8 15.
Ba1 Nbd7 16. Qc2 Rab7 17. Nf3 Rb4 18. Rfd1 Bb7 19. e4 Ng4 20. h3 Nge5 21. Nxe5
Bxe5 22. f4 Bd4+ 23. Kh2 e6 24. a4 exd5 25. exd5 Rc8 26. Qd2 Bf6 27. Na2 Rb6
28. Bc3 Re8 29. Rb2 Re7 30. Re1 Rxe1 31. Qxe1 Bxd5 32. Bxd5 Qxd5 33. Qe8+ Kg7
34. Qxd7 Bxc3 35. Nxc3 Qd4 36. a5 Qxc3 37. axb6 Qxb2+ 38. Kg1 1/2-1/2

[Event "IX Open Vallee d'Aoste A"]
[Site "Saint Vincent - Chatillon ITA"]
[Date "2001.02.08"]
[Round "6"]
[White "Cocchi, Andrea"]
[Black "Belotti, Bruno"]
[Result "1/2-1/2"]
[WhiteElo "2258"]
[BlackElo "2440"]
[PlyCount "81"]
[EventDate "2001.02.03"]

1. e4 c5 2. b3 Nc6 3. Bb2 d6 4. Bb5 Bd7 5. Nf3 e5 6. Qe2 g6 7. c3 Bg7 8. d4
exd4 9. cxd4 cxd4 10. Bxc6 bxc6 11. Nxd4 Nf6 12. O-O O-O 13. Nc3 Re8 14. Qd3 c5
15. Ndb5 Bxb5 16. Nxb5 Nxe4 17. Bxg7 Kxg7 18. Rad1 Re6 19. Rfe1 a6 20. Nd4 cxd4
21. Rxe4 Qf6 22. Rxd4 Rae8 23. g3 Re2 24. Rf4 Qe5 25. Qxd6 Rxa2 26. Qxe5+ Rxe5
27. Rd7 Rf5 28. Rxf5 gxf5 29. Rd6 a5 30. Ra6 Ra3 31. Rb6 a4 32. bxa4 Rxa4 33.
Kg2 h5 34. h3 f6 35. Kf3 Kg6 36. Re6 Ra3+ 37. Re3 Ra4 38. Rd3 Rb4 39. Rc3 Ra4
40. Ke3 Re4+ 41. Kf3 1/2-1/2

[Event "IX Open Vallee d'Aoste A"]
[Site "Saint Vincent - Chatillon ITA"]
[Date "2001.02.08"]
[Round "6"]
[White "Colovic, Aleksandar"]
[Black "Drasko, Milan"]
[Result "1/2-1/2"]
[WhiteElo "2421"]
[BlackElo "2510"]
[PlyCount "23"]
[EventDate "2001.02.03"]

1. Nf3 d5 2. d4 Nf6 3. c4 dxc4 4. e3 a6 5. Bxc4 e6 6. O-O c5 7. dxc5 Qxd1 8.
Rxd1 Bxc5 9. Nbd2 b6 10. Be2 Bb7 11. Nb3 Be7 12. Nfd4 1/2-1/2

[Event "IX Open Vallee d'Aoste A"]
[Site "Saint Vincent - Chatillon ITA"]
[Date "2001.02.08"]
[Round "6"]
[White "Flores, Diego"]
[Black "Eingorn, Vereslav S."]
[Result "0-1"]
[WhiteElo "2359"]
[BlackElo "2589"]
[PlyCount "84"]
[EventDate "2001.02.03"]

1. e4 c5 2. Nf3 e6 3. c3 Nf6 4. e5 Nd5 5. d4 cxd4 6. cxd4 d6 7. Nc3 Nc6 8. exd6
Bxd6 9. Bc4 Nce7 10. O-O O-O 11. Bg5 h6 12. Bh4 Nxc3 13. bxc3 Qc7 14. Qb3 Nf5
15. Bg3 Nxg3 16. fxg3 Bd7 17. Bd3 Rac8 18. c4 Rfd8 19. Rac1 Be7 20. Bb1 Be8 21.
Kh1 Bf6 22. Qd3 g6 23. Qe3 Bg7 24. Ne5 Qd6 25. Qf3 Bxe5 26. dxe5 Qxe5 27. Rce1
Qc5 28. Qxb7 Rc7 29. Qf3 Rcd7 30. h4 h5 31. Qf4 Qd4 32. Re4 Qb2 33. Ree1 Qd2
34. Qf6 Qd4 35. Qg5 Qg4 36. Qxg4 hxg4 37. Be4 Rc7 38. Rf4 Rxc4 39. Rxg4 Rdd4
40. h5 Bc6 41. Bxc6 Rxg4 42. Bf3 Rxg3 0-1

[Event "IX Open Vallee d'Aoste A"]
[Site "Saint Vincent - Chatillon ITA"]
[Date "2001.02.08"]
[Round "6"]
[White "Fominyh, Alexander"]
[Black "Lanzani, Mario"]
[Result "1-0"]
[WhiteElo "2582"]
[BlackElo "2399"]
[PlyCount "79"]
[EventDate "2001.02.03"]

1. Nf3 Nf6 2. g3 b6 3. d4 e6 4. Bg2 Bb7 5. c4 Bb4+ 6. Nbd2 O-O 7. O-O d5 8.
cxd5 exd5 9. Ne5 Na6 10. a3 Be7 11. b4 c5 12. dxc5 bxc5 13. b5 Nc7 14. a4 Re8
15. Ndc4 Bd6 16. Nxd6 Qxd6 17. Nc4 Qe7 18. Na5 Ne6 19. Bb2 Ne4 20. f3 Nd6 21.
f4 Ne4 22. f5 Nd8 23. f6 Nxf6 24. Bxf6 gxf6 25. Nxb7 Nxb7 26. Qxd5 Rab8 27. Qf5
Nd8 28. e4 Ne6 29. Qxf6 Qxf6 30. Rxf6 a6 31. bxa6 Ra8 32. Bf1 Ng5 33. Rf5 Nxe4
34. Re1 Kf8 35. Bg2 Rxa6 36. Rxe4 Rxe4 37. Bxe4 Rxa4 38. Bd5 Ra7 39. Bc4 Rc7
40. Kg2 1-0

[Event "IX Open Vallee d'Aoste A"]
[Site "Saint Vincent - Chatillon ITA"]
[Date "2001.02.08"]
[Round "6"]
[White "Gleizerov, Evgeny"]
[Black "Zelcic, Robert"]
[Result "1/2-1/2"]
[WhiteElo "2586"]
[BlackElo "2500"]
[PlyCount "41"]
[EventDate "2001.02.03"]

1. d4 Nf6 2. c4 e6 3. g3 d5 4. Nf3 dxc4 5. Bg2 Nc6 6. Qa4 Bb4+ 7. Bd2 Nd5 8.
Bxb4 Ndxb4 9. O-O Rb8 10. Na3 a6 11. Ne5 O-O 12. Nxc6 Nxc6 13. Qxc4 Qxd4 14.
Bxc6 Qxc4 15. Nxc4 bxc6 16. b3 Rb5 17. f4 Rd8 18. Rfc1 f6 19. Rc3 Rbd5 20. Rac1
Bd7 21. Kg2 1/2-1/2

[Event "IX Open Vallee d'Aoste A"]
[Site "Saint Vincent - Chatillon ITA"]
[Date "2001.02.08"]
[Round "6"]
[White "Godena, Michele"]
[Black "Epishin, Vladimir V."]
[Result "1/2-1/2"]
[WhiteElo "2494"]
[BlackElo "2578"]
[PlyCount "68"]
[EventDate "2001.02.03"]

1. e4 c6 2. d4 d5 3. Nd2 dxe4 4. Nxe4 Bf5 5. Ng3 Bg6 6. h4 h6 7. Nf3 Nf6 8. Ne5
Bh7 9. Bd3 Bxd3 10. Qxd3 e6 11. Bd2 Be7 12. O-O-O O-O 13. f4 c5 14. dxc5 Qc7
15. Ne4 Rd8 16. Nxf6+ Bxf6 17. Qg3 Nd7 18. Ng4 h5 19. Nxf6+ Nxf6 20. Bc3 Ng4
21. b4 b6 22. Qf3 bxc5 23. b5 c4 24. Rxd8+ Rxd8 25. Rd1 Rb8 26. a4 Qc5 27. Rd7
Qa3+ 28. Kd2 Qxa4 29. f5 e5 30. Qd5 Rf8 31. Rd8 Qa3 32. Rxf8+ Qxf8 33. Bxe5
Nxe5 34. Qxe5 Qb4+ 1/2-1/2

[Event "IX Open Vallee d'Aoste A"]
[Site "Saint Vincent - Chatillon ITA"]
[Date "2001.02.08"]
[Round "6"]
[White "Lputian, Smbat G."]
[Black "Sedina, Elena"]
[Result "1-0"]
[WhiteElo "2607"]
[BlackElo "2393"]
[PlyCount "101"]
[EventDate "2001.02.03"]

1. d4 d5 2. c4 c6 3. Nf3 Nf6 4. Nc3 dxc4 5. a4 Bf5 6. e3 e6 7. Bxc4 Bb4 8. O-O
Nbd7 9. Nh4 O-O 10. f3 Bg6 11. e4 e5 12. dxe5 Nxe5 13. Be2 Qb6+ 14. Kh1 Rad8
15. Qb3 Nd3 16. Bg5 a5 17. Bxd3 Rxd3 18. Qc2 Rd7 19. Rae1 Qc5 20. Qc1 Re8 21.
Re2 Rd3 22. Na2 Qxc1 23. Rxc1 Nd5 24. Nxb4 Nxb4 25. Kg1 f6 26. Be3 Bf7 27. Bb6
Nd5 28. Bxa5 Nf4 29. Rf2 Rd4 30. Ra1 Bb3 31. Rd2 Rxa4 32. Rxa4 Bxa4 33. Rd7 b5
34. Nf5 Ne6 35. Ne7+ Kh8 36. Nxc6 Bb3 37. Bb4 h6 38. Na5 Ba2 39. Rd1 Ra8 40.
Kf2 Nc7 41. b3 Na6 42. Bd6 Rd8 43. Ke2 Kg8 44. Rd2 Bb1 45. Nc6 Rd7 46. Kd1 Kf7
47. Kc1 Ke6 48. Nd4+ Kxd6 49. Nxb5+ Ke6 50. Rxd7 Kxd7 51. Kxb1 1-0

[Event "IX Open Vallee d'Aoste A"]
[Site "Saint Vincent - Chatillon ITA"]
[Date "2001.02.08"]
[Round "6"]
[White "Martorelli, Antonio"]
[Black "Del Rio Angelis, Salvador Gabriel"]
[Result "0-1"]
[WhiteElo "2315"]
[BlackElo "2472"]
[PlyCount "106"]
[EventDate "2001.02.03"]

1. e4 e6 2. d4 d5 3. Nc3 Bb4 4. e5 Ne7 5. Bd2 c5 6. Nce2 Bxd2+ 7. Qxd2 cxd4 8.
f4 Nbc6 9. Nf3 O-O 10. Nexd4 Bd7 11. h4 Nxd4 12. Nxd4 Nc6 13. O-O-O Qb6 14. Rh3
f6 15. Nf3 fxe5 16. fxe5 Rac8 17. a3 Ne7 18. Nd4 Nf5 19. Nxf5 Rxf5 20. Bd3 Rf2
21. Qe1 Ba4 22. Rd2 Rxd2 23. Qxd2 Qg1+ 24. Qd1 Qxg2 25. Re3 Qf2 26. Re2 Qxh4
27. Qg1 b6 28. Rg2 Qf4+ 29. Kb1 Qxe5 30. Rh2 h5 31. Qg6 Qxh2 32. Qxe6+ Kf8 33.
Qxc8+ Ke7 34. Qb7+ Bd7 35. Qxa7 Qd6 36. Bf5 g5 37. Bxd7 Qxd7 38. Qxb6 h4 39.
Qg6 Qg4 40. a4 h3 41. Qg7+ Ke6 42. Qg8+ Ke5 43. Qe8+ Kf4 44. Qb8+ Kf3 45. Qb3+
Kf2 46. Qxd5 h2 47. a5 Qf3 48. Qd2+ Qe2 49. Qd4+ Qe3 50. Qf6+ Kg2 51. a6 Qe1+
52. Ka2 Qa5+ 53. Kb3 Qb5+ 0-1

[Event "IX Open Vallee d'Aoste A"]
[Site "Saint Vincent - Chatillon ITA"]
[Date "2001.02.08"]
[Round "6"]
[White "Masserey, Yvan"]
[Black "Romanishin, Oleg M."]
[Result "0-1"]
[WhiteElo "2349"]
[BlackElo "2559"]
[PlyCount "98"]
[EventDate "2001.02.03"]

1. e4 e5 2. Nf3 Nc6 3. Bb5 a6 4. Ba4 Nf6 5. O-O Be7 6. Re1 d6 7. c3 O-O 8. h3
Nd7 9. d4 Bf6 10. Be3 Nb6 11. Bc2 Nc4 12. Bc1 g6 13. Bd3 Nb6 14. Be3 Bg7 15.
Nbd2 Re8 16. dxe5 Nxe5 17. Nxe5 dxe5 18. Nc4 Be6 19. Na5 Qc8 20. Qe2 Bf8 21. f3
c5 22. b3 Qc7 23. Nc4 Nd7 24. Bf2 Nf6 25. g4 Bxc4 26. Bxc4 b5 27. Bd3 Rac8 28.
Kg2 Nd7 29. a4 c4 30. Bc2 Bc5 31. axb5 axb5 32. Bxc5 Nxc5 33. bxc4 Ne6 34. Kg3
Nf4 35. Qf1 Qxc4 36. Qxc4 Rxc4 37. Re3 Rec8 38. Bd1 Rxc3 39. Rxc3 Rxc3 40. Rb1
Rc5 41. g5 Kg7 42. h4 h6 43. Kg4 h5+ 44. Kg3 f6 45. gxf6+ Kxf6 46. Ra1 Ke7 47.
Kf2 Kd6 48. Ra6+ Rc6 49. Ra8 Kc5 0-1

[Event "IX Open Vallee d'Aoste A"]
[Site "Saint Vincent - Chatillon ITA"]
[Date "2001.02.08"]
[Round "6"]
[White "Moreda, Lucas"]
[Black "Polak, Tomas"]
[Result "0-1"]
[WhiteElo "2309"]
[BlackElo "2505"]
[PlyCount "96"]
[EventDate "2001.02.03"]

1. e4 b6 2. Nc3 Bb7 3. d4 e6 4. a3 d5 5. exd5 exd5 6. Qf3 Be7 7. Qg3 Kf8 8. Nb5
a6 9. Nxc7 Ra7 10. Bf4 Nc6 11. O-O-O g5 12. Be5 Nxe5 13. Qxe5 Bf6 14. Qg3 Bc8
15. Nxa6 Bxa6 16. Bxa6 Rxa6 17. Qd3 Ra7 18. Ne2 h5 19. Rhe1 Re7 20. Qb5 Rh6 21.
Qb4 h4 22. Kb1 Kg7 23. f4 g4 24. Nc1 Rxe1 25. Rxe1 Ne7 26. Qd2 Nf5 27. c3 Qd7
28. Nd3 Nd6 29. Ne5 Qf5+ 30. Ka2 Ne4 31. Qe3 Bxe5 32. dxe5 Rc6 33. Qd4 Rc5 34.
e6+ Qf6 35. e7 Qxd4 36. cxd4 Rc8 37. Rc1 Re8 38. Rc6 Rxe7 39. Rxb6 Nd2 40. a4
Re2 41. a5 Nc4 42. Rb5 Nxa5 43. Rxa5 Rxg2 44. Rxd5 f6 45. Rh5 Rxh2 46. d5 g3
47. d6 Kf7 48. Rh7+ Ke8 0-1

[Event "IX Open Vallee d'Aoste A"]
[Site "Saint Vincent - Chatillon ITA"]
[Date "2001.02.08"]
[Round "6"]
[White "Nevednichy, Vladislav"]
[Black "Skripchenko Lautier, Almira"]
[Result "1/2-1/2"]
[WhiteElo "2563"]
[BlackElo "2453"]
[PlyCount "66"]
[EventDate "2001.02.03"]

1. e4 c5 2. Nf3 e6 3. c3 Nf6 4. d3 d6 5. g3 Be7 6. Bg2 Nc6 7. Nbd2 O-O 8. O-O
Bd7 9. a3 b5 10. d4 cxd4 11. cxd4 Qb6 12. e5 Nd5 13. Ne4 dxe5 14. dxe5 h6 15.
Re1 Rfd8 16. Bd2 Be8 17. Qe2 a5 18. Rad1 b4 19. Bc1 bxa3 20. bxa3 a4 21. g4 Qa6
22. Qxa6 Rxa6 23. g5 hxg5 24. Bxg5 f6 25. exf6 gxf6 26. Bc1 Rb8 27. Nd4 Nxd4
28. Rxd4 Bf7 29. Ng3 Nc3 30. Rd7 Bf8 31. Rd3 Rb3 32. Rd8 Kg7 33. Rd7 Kg8
1/2-1/2

[Event "IX Open Vallee d'Aoste A"]
[Site "Saint Vincent - Chatillon ITA"]
[Date "2001.02.08"]
[Round "6"]
[White "Palac, Mladen"]
[Black "Bellia, Fabrizio"]
[Result "1/2-1/2"]
[WhiteElo "2590"]
[BlackElo "2384"]
[PlyCount "95"]
[EventDate "2001.02.03"]

1. e4 c5 2. Nf3 Nc6 3. Bb5 g6 4. O-O Bg7 5. c3 Nf6 6. Re1 O-O 7. d4 cxd4 8.
cxd4 d5 9. e5 Ne4 10. Bxc6 bxc6 11. Nbd2 c5 12. dxc5 Nxc5 13. Nb3 Nxb3 14. Qxb3
d4 15. Rd1 Be6 16. Qa3 Qb6 17. Bf4 Rfd8 18. Qxe7 Qxb2 19. Qh4 Bxa2 20. Ng5 h6
21. Ne4 g5 22. Nxg5 hxg5 23. Bxg5 Rdb8 24. Bf6 Bb1 25. Qg5 Bg6 26. h4 Qe2 27.
Bxg7 Kxg7 28. Rxd4 Re8 29. Qf6+ Kg8 30. Rd7 Qxe5 31. Qxe5 Rxe5 32. Raxa7 Rxa7
33. Rxa7 Re4 34. f3 Rxh4 35. g4 Kg7 36. Kg2 Rh8 37. f4 Be4+ 38. Kg3 Ra8 39. Rd7
Ra1 40. Rd4 Bc6 41. Rd6 Ba8 42. f5 f6 43. Rd7+ Kh6 44. Rf7 Ra6 45. Kh4 Bd5 46.
Rxf6+ Rxf6 47. g5+ Kg7 48. gxf6+ 1/2-1/2